Obálka
Pro půjčování e-knih musíte být přihlášeni.
Jak si půjčit online?

Vojna. Lidová hra se zpěvy a tanci /

Lidová hra se zpěvy a tanci VOJNA autora E.F.Buriana, jím samotným označovaná jako "voicebandová montáž s baletem na texty lidové poezie sebrané K.J.Erbenem", měla v jeho režii premiéru v roce 1935 v divadle D35. Za protektorátu byla Vojna pro svůj silný protest proti válce a násilí a pro...

Celý popis

Uloženo v:
Hlavní autor: Burian, Emil František (Autor)
Další autoři: Kočová, Zuzana (Autor), Linc, Karel (Vypravěč-komentátor), Brousek st., Otakar (Vypravěč-komentátor)
Médium: E-audiokniha
Vydáno: Praha : Supraphon a.s., 2025
Tagy:
Žádné tagy
LEADER 02514nim a22002897i 4500
001 302594
007 sr nunnnnnnned
024 |a 099925206826 
044 |a xr 
100 1 |a  Burian, Emil František  |4 aut 
245 1 0 |a Vojna. Lidová hra se zpěvy a tanci /  |c  Burian, Emil František 
264 1 |a Praha :  |b Supraphon a.s.,  |c 2025 
300 |a 1 online zdroj (47 min., 36 sek.) 
336 |a mluvené slovo  |b spw  |2 rdacontent 
337 |a audio  |b s  |2 rdamedia 
338 |a online zdroj  |b cr  |2 rdacarrier 
505 0 0 |t Vojna. Lidová hra se zpěvy a tanci-Masopust - Svatby (13 min., 36 sek.) 
505 0 0 |t Vojna. Lidová hra se zpěvy a tanci-Svatby - Odvod - Hřbitov - Tanec plačících dívek - Hra na muziku (20 min., 30 sek.) 
505 0 0 |t Vojna. Lidová hra se zpěvy a tanci-Intermezzo - Raněný (13 min., 32 sek.) 
520 2 |a Lidová hra se zpěvy a tanci VOJNA autora E.F.Buriana, jím samotným označovaná jako "voicebandová montáž s baletem na texty lidové poezie sebrané K.J.Erbenem", měla v jeho režii premiéru v roce 1935 v divadle D35. Za protektorátu byla Vojna pro svůj silný protest proti válce a násilí a pro svoje pacifistické vyznění protektorátní vládou zakázána. E.F.Burian se k ní naposledy vrátil roku 1954 resp. 1955. Od té doby byly inscenovány pouze fragmenty tohoto díla a nejen pro náročnost herecké a pěvecké partitury se celkem dlouho nikdo nepokusil o její inscenaci. V současné době však nabývá toto Burianovo dílo na aktuálnosti, bylo např. uvedeno studenty v Brně jako "vyjádření sounáležitosti se všemi, kteří ve válečném konfliktu stojí proti okupantům". Naše archivní nahrávka vznikla v září roku 1954 ve studiu Domovina. Výběr z ní vydal Supraphon poprvé v roce 1956 na standardních deskách (kat.č. 20389 - 20392), v roce 1959 vyšla celá tato nahrávka na albu DM 15074 "E.F.Burian Vojna. Lidová hra se zpěvy a tanci". Titul nyní vychází v Supraphonu poprvé digitálně. EMIL FRANTIŠEK BURIAN (*11. června 1904 – † 9. srpna 1959) 
700 1 |a  Kočová, Zuzana  |4 nrt 
700 1 |a  Linc, Karel  |4 nrt 
700 1 |a  Brousek st., Otakar  |4 nrt 
910 |a RBIT002 
998 |d 426733  |a https://core.palmknihy.cz/api/books/426733/cover?telfsk  |b https://core.palmknihy.cz/api/books/426733/cover/400?telfsk  |c https://core.palmknihy.cz/api/books/426733/cover/50?telfsk  |e 2099-01-01  |i 099925206826  |l 2856  |q 49  |r 1  |s https://www.palmknihy.cz/kniha/426733  |t audiobook  |y 2025  |z 1 
999 |d 302592